000
00280nam a22000977a 4500
008
230607b |||||||| |||| 00| 0 eng d
020
_a
9780062413406
100
_a
CLARK DUNCAN
_9
7678
245
_a
ALIBABA (THE HOUSE THAT JACK MA BUILT)
260
_a
INDIA
_b
THOMAS PRESS INDIA LTD
_c
2016
999
_c
12310
_d
12310